| 000 | 00401nam a22001577a 4500 | ||
|---|---|---|---|
| 020 |
_a 0070593965 _q |
||
| 040 | _cNUST | ||
| 082 |
_a301 _bHOR |
||
| 100 |
_aHorton , Paul .B _91198 |
||
| 110 |
_aHunt ,Chester .L _9123512 |
||
| 245 | _aSociology | ||
| 250 | _aSixth Edition | ||
| 260 |
_aIndia: _bTata McGraw Hill, _c2007. |
||
| 650 |
_aSociology _9367 |
||
| 942 |
_2ddc _cBK |
||
| 999 |
_c609686 _d609686 |
||